书目信息 |
| 题名: |
绯色惊雷(新英语故事丛书10)
|
|
| 作者: | 孙长虹 编 | |
| 分册: | ||
| 出版信息: | 西安 西北电子科技大学出版社 1998.12 |
|
| 页数: | 284页 | |
| 开本: | 32开 | |
| 丛书名: | ||
| 单 册: | ||
| 中图分类: | H319.4 | |
| 科图分类: | ||
| 主题词: | 英语 | |
| 电子资源: | ||
| ISBN: | 7-5606-0685-7 | |
| 000 | 00592nam0 2200193 45 | |
| 001 | 0003290922 | |
| 005 | 20000329094921.2 | |
| 010 | @a7-5606-0685-7@d10.00元 | |
| 100 | @a20000329d1998 km y0chiy0120 ea | |
| 101 | @achi | |
| 105 | @a z 000yy | |
| 200 | 1 | @a绯色惊雷(新英语故事丛书10)@AFei Se Jing Lei(Xin Ying Yu Gu Shi Cong Shu 10)@f孙长虹 等编@FSun ChangHong Deng Bian |
| 210 | @a西安@c西北电子科技大学出版社@d1998.12 | |
| 215 | @a284页@d32开 | |
| 606 | 0 | @a英语 |
| 690 | @aH319.4@v3 | |
| 701 | @a孙长虹@4编 | |
| 801 | @aCN@bPftUser@c20000329 | |
| 905 | @f5@b51686-690@dH319.4@eS315 | |
| 绯色惊雷(新英语故事丛书10)/孙长虹 等编.-西安:西北电子科技大学出版社,1998.12 |
| 284页;32开 |
| ISBN 7-5606-0685-7:10.00元 |
| ● |
| 相关链接 |
|
|
|
正题名:绯色惊雷(新英语故事丛书10)
索取号:H319.4/S315
 
预约/预借
| 序号 | 登录号 | 条形码 | 馆藏地/架位号 | 状态 | 备注 |
| 1 | 51686 | 200516860 | 语言库209/209语言库 48排3列3层/ [索取号:H319.4/S315] | 在馆 | |
| 2 | 51687 | 200516879 | 语言库209/209语言库 48排3列3层/ [索取号:H319.4/S315] | 在馆 | |
| 3 | 51688 | 200516888 | 语言库209/209语言库 48排3列3层/ [索取号:H319.4/S315] | 在馆 | |
| 4 | 51689 | 200516897 | 语言库209/209语言库 48排3列3层/ [索取号:H319.4/S315] | 在馆 | |
| 5 | 51690 | 200516904 | 语言库209/209语言库 48排3列3层/ [索取号:H319.4/S315] | 在馆 |